Production and application of radiation vulcanized NR latex (Record no. 50919)

MARC details
000 -LEADER
fixed length control field 00387nam a2200145Ia 4500
100 ## - MAIN ENTRY--AUTHOR NAME
Personal name Thomas E.V.
245 #0 - TITLE STATEMENT
Title Production and application of radiation vulcanized NR latex
260 ## - PUBLICATION, DISTRIBUTION, ETC. (IMPRINT)
Name of publisher Rubber India
Year of publication 1998
300 ## - PHYSICAL DESCRIPTION
Number of Pages 15-Dec
650 ## - SUBJECT ADDED ENTRY--TOPICAL TERM
Topical Term Natural rubber
650 ## - SUBJECT ADDED ENTRY--TOPICAL TERM
Topical Term RVNRL application
650 ## - SUBJECT ADDED ENTRY--TOPICAL TERM
Topical Term RVNRL production
942 ## - ADDED ENTRY ELEMENTS (KOHA)
Koha item type Bibliography STAF
Holdings
Withdrawn status Lost status Damaged status Not for loan Home library Current library Shelving location Date acquired Serial Enumeration / chronology Koha item type
      Bibliography RRII Library RRII Library Rubber chemistry 09/04/2014 Volume 50, Issue 8 Bibliography STAF